| 000 | 04023nas a22003137a 4500 | ||
|---|---|---|---|
| 003 | NALT | ||
| 005 | 20240131110134.0 | ||
| 006 | a|||p|r|||| 00| 0 | ||
| 007 | ta | ||
| 008 | 240131b th |||p| |||| 00| 0 tha d | ||
| 040 | _aNALT | ||
| 041 | _atha | ||
| 245 | 0 | 0 | _aจุฬาลงกรณ์ รีวิว ปีที่ 16 ฉบับที่ 62-64 (ม.ค.-ก.ย. 2547) |
| 260 | _aโรงพิมพ์แห่งจุฬาลงกรณ์มหาวิทยาลัย | ||
| 310 | _aราย 3 เดือน | ||
| 500 | _aวารสารเย็บเล่ม | ||
| 505 | 2 | _aปีที่ 16 ฉบับที่ 62 ม.ค.-มี.ค. 2547 -- การนำ Balanced Scorecard มาใช้ในบริษัทที่จดทะเบียนในตลาดหลักทรัพย์ฯ -- พระราชบัญญัติความลับทางการค้า พ.ศ. 2545 -- ปัจจัยที่ส่งผลต่อความพึงพอใจของลูกค้าที่มีต่อคอนกรีตผสมเสร็จ -- ลักษณะสำคัญของผู้สมัครใช้บริการธนาคารผ่านอินเทอร์เน็ต และปัจจัยที่มีผลต่อการสมัคร -- Consumer Preference toward Private Label versus Manufactures' Brands : A Literature Revies -- Formulation of Government Policies and Measures for the Development of the National Merchant Fleet -- ก้าวสู่มิติใหม่ด้านการตลาดประสบการณ์!. | |
| 505 | 2 | _aปีที่ 16 ฉบับที่ 63 เม.ย.-มิ.ย. 2547 -- หลักสูตรนานาชาติและส่วนอื่น ๆ ที่เกี่ยวข้อง -- การชำระเงินมูลค่าสูงภายใต้ระบบบาทเนต : มิติสำคัญในการพัฒนาประสิทธิภาพระบบการเงินไทยและบทบาทของธนาคารกลาง -- กลยุทธ์เพื่อการเติบโตสมัยใหม่ -- The Roots of Unsustainable Competitive Advantage : The Case of Thailand -- เก็บตกจากการประชุมผู้บริหารหนี้สาธารณะ ณ กรุงวอชิงตัน ดีซี. | |
| 505 | 2 | _aปีที่ 16 ฉบับที่ 64 ก.ค.-ก.ย. 2547 -- โฉมหน้าใหม่ในการลดความเสี่ยงด้านการชำระดุลการซื้อขายเงินตราระหว่างประเทศและ ทางเลือกกรณีของไทย -- บทวิพากษ์การคมนาคมขนส่งของประเทศไทย -- แนวความคิดเรื่องสมรรถนะ (Competency): เรื่องเก่า ที่เรายังหลงทาง -- ทุนความรู้ : อาวุธที่ทรงพลังมากที่สุดของธุรกิจ -- สิทธิในชื่อเสียง (The Right of Publicity) -- ได้หรือเสีย - การทำบัญชีสองเล่ม. | |
| 650 | 4 |
_9190 _aหนี้สาธารณะ |
|
| 650 | 0 |
_925731 _aการเงิน _zไทย |
|
| 850 | _aNALT | ||
| 866 | _aปีที่ 16 ฉบับที่ 62 (ม.ค.-มี.ค. 2547) | ||
| 866 | _aปีที่ 16 ฉบับที่ 63 (เม.ย.-มิ.ย. 2547) | ||
| 866 | _aปีที่ 16 ฉบับที่ 64 (ก.ค.-ก.ย. 2547) | ||
| 942 | _cBOUND | ||
| 996 |
_aaroonthip.c _bLIBSTF _c2024-01-31 |
||
| 999 |
_c104301 _d104301 |
||
| 998 |
_h179 _j179 _k นางสาวอรุณทิพย์ จันทร์ดิษฐ์ |
||